Normal view
MARC view
- أبو عليان، عزمي عبد محمد
Entry Personal Name
001 - CONTROL NUMBER
- control field: 43365
003 - CONTROL NUMBER IDENTIFIER
- control field: JO-AjAnu
005 - DATE AND TIME OF LATEST TRANSACTION
- control field: 20230606081204.0
008 - FIXED-LENGTH DATA ELEMENTS
- fixed length control field: 230606|| aca||aabn | a|a d
040 ## - CATALOGING SOURCE
- Original cataloging agency: JO-AjAnu
- Transcribing agency: JO-AjAnu
100 ## - HEADING--PERSONAL NAME
- Personal name: أبو عليان، عزمي عبد محمد
670 ## - SOURCE DATA FOUND
- Source citation: Work cat.: (JO-AjAnu)22206: أبو عليان، عزمي عبد محمد, author, معالم القدس الحضارية وسياسة التهويد الصهيونية : التاريخ المصور، القدس عبرالعصور حتى الاحتلال اليهودي الصهيوني 3000ق.م-1967م